00914cam a2200217 a 4500040000800000082002700008245004700035260011200082300002900194500011900223650001700342650001300359650001700372700002300389710003100412710005700443710003900500942001000539999001700549952013000566 cDLC00a338 FOO 1983 C160 Or.10aLand tenure and the small farmer in Asia / aTaiwan, Republic of China :bFood and Fertilizer Technology Center for the Asian and Pacific Region,c1983. a158 p. :bill. ;c26 cm. aPapers of the Seminar on Adjustment of Small Farm Development and Land Tenure held Nov. 3-5, 1982, Taipei, Taiwan. 0aFarms, Small 0aPeasants 0aFarm tenancy2 aBay-Petersen, Jan.2 aAsian and Pacific Council.2 aXing zheng yuan nong ye fa zhan wei yuan hui (China)2 aTu di gai ge xun lian suo (Taiwan) cAEDBB c19064d19064 0010406338_000000000000000_FOO_1983_C160_OR70983813aLBCbLBCd2020-03-04eA37789o338 FOO 1983 C160 Or.r2020-03-04yEK